[Event "23rd EUR-ch"]
[Site "Vrnjacka Banja SRB"]
[Date "2023.03.09"]
[Round "7.23"]
[White "Kuzubov, Yuriy"]
[Black "Zajic, Milan"]
[Result "1-0"]
[WhiteElo "2616"]
[BlackElo "2387"]
[EventDate "2023.03.03"]
[PlyCount "93"]

1.d4 Nf6 2.c4 e6 3.Nc3 Bb4 4.Qc2 O-O 5.a3 Bxc3+ 6.Qxc3 d6 7.f3 Nbd7 8.e4 
c5 9.dxc5 Nxc5 10.Be3 Qc7 11.Ne2 b6 12.Nd4 Ba6 13.O-O-O Rac8 14.Kb1 Rfd8 
15.Rc1 Bb7 16.Be2 a6 17.Rhd1 Qe7 18.Qe1 Rc7 19.Bg5 Rdc8 20.Bh4 Kh8 21.g4 
Ncd7 22.Nc2 d5 23.exd5 exd5 24.cxd5 Rc5 25.d6 Qe6 26.Bg3 Nd5 27.Nd4 Qf6 
28.Qd2 b5 29.Rxc5 Nxc5 30.Rc1 Qd8 31.Bd1 g6 32.Nb3 Na4 33.Rxc8 Qxc8 34.Na5
Ba8 35.Qd4+ Kg8 36.Bxa4 bxa4 37.Nc4 Qe6 38.Nd2 Bc6 39.Ne4 f5 40.Nc5 Qf7 
41.g5 f4 42.Be1 Qf5+ 43.Ne4 Qh3 44.Qd3 Kf7 45.Nc5 Qf5 46.Qxf5+ gxf5 47.d7 
1-0

[Event "23rd EUR-ch"]
[Site "Vrnjacka Banja SRB"]
[Date "2023.03.09"]
[Round "7.24"]
[White "Petkov, Momchil"]
[Black "Dardha, Daniel"]
[Result "1/2-1/2"]
[WhiteElo "2526"]
[BlackElo "2610"]
[EventDate "2023.03.03"]
[PlyCount "70"]

1.d4 Nf6 2.c4 e6 3.Nc3 Bb4 4.e3 O-O 5.a3 Bxc3+ 6.bxc3 c5 7.Bd3 Nc6 8.Rb1 
b6 9.e4 Ba6 10.e5 Ne8 11.Nf3 f5 12.d5 Na5 13.d6 Bxc4 14.Bxc4 Nxc4 15.Qe2 
Na5 16.Bg5 Qc8 17.Be7 Rf7 18.Ng5 Rxe7 19.dxe7 h6 20.Nf3 c4 21.O-O Qc5 22.
Rfd1 Qxe7 23.Nd4 Nc7 24.a4 Rf8 25.Qf3 Nd5 26.Rb5 Qf7 27.Rxd5 exd5 28.Nb5 
Nc6 29.Qxd5 f4 30.Nd6 Qe6 31.Nxc4 Kh8 32.Qxe6 dxe6 33.Rd6 Rc8 34.Rxe6 Nd4 
35.cxd4 Rxc4 1/2-1/2

[Event "23rd EUR-ch"]
[Site "Vrnjacka Banja SRB"]
[Date "2023.03.09"]
[Round "7.25"]
[White "Sadikhov, Ulvi"]
[Black "Safarli, Eltaj"]
[Result "1/2-1/2"]
[WhiteElo "2485"]
[BlackElo "2608"]
[EventDate "2023.03.03"]
[PlyCount "36"]

1.c4 e5 2.Nc3 Bb4 3.Nd5 Be7 4.Nf3 d6 5.g3 Nf6 6.Nxf6+ Bxf6 7.d3 O-O 8.Bg2 
Nc6 9.O-O Re8 10.Nd2 Bg4 11.h3 Bh5 12.Ne4 Be7 13.Nc3 f5 14.Qd2 Kh8 15.e3 
Qd7 16.Nd5 Bf8 17.f4 Nd8 18.b3 c6 1/2-1/2

[Event "23rd EUR-ch"]
[Site "Vrnjacka Banja SRB"]
[Date "2023.03.09"]
[Round "7.26"]
[White "Martirosian, Haik M."]
[Black "Kukhmazov, Arsen"]
[Result "1-0"]
[WhiteElo "2686"]
[BlackElo "2495"]
[EventDate "2023.03.03"]
[PlyCount "135"]

1.d4 Nf6 2.c4 e6 3.Nf3 d5 4.Nc3 dxc4 5.e4 Bb4 6.Bg5 h6 7.Bxf6 Qxf6 8.Bxc4 
c5 9.O-O cxd4 10.e5 Qd8 11.Ne4 Nc6 12.Qc1 Be7 13.Qf4 Bd7 14.Rfd1 Qc7 15.
Rac1 O-O 16.Qg3 f5 17.exf6 Qxg3 18.hxg3 Bxf6 19.Nc5 Bc8 20.Bxe6+ Bxe6 21.
Nxe6 Rf7 22.Nc5 Rd8 23.Nd3 Re7 24.Rc5 a6 25.Kf1 Red7 26.Rdc1 Be7 27.R5c4 
Rd5 28.Re1 Bd6 29.Re4 Kf7 30.a3 Re8 31.Rxe8 Kxe8 32.Ke2 h5 33.Rc1 g6 34.
Kd2 Kf7 35.Rh1 Be7 36.Re1 Bf6 37.Re4 Na5 38.Kc2 Nc4 39.Re1 Kg7 40.Re8 Kf7 
41.Rc8 Nd6 42.Rc7+ Ke8 43.Nf4 d3+ 44.Nxd3 g5 45.Nd2 Bd4 46.Rh7 g4 47.Rh6 
Nf7 48.Re6+ Kd7 49.Re2 Rf5 50.Nc4 Nd8 51.Rd2 Ke7 52.Nf4 Nc6 53.Kd3 b5 54.
Ne3 Rc5 55.Ned5+ Kd6 56.Nb4 Bg7 57.Ke4+ Ke7 58.Nxc6+ Rxc6 59.Nxh5 Bh6 60.
Nf4 Kf6 61.f3 gxf3 62.gxf3 Rc4+ 63.Rd4 Rc2 64.Rd6+ Kg7 65.Ne6+ Kg8 66.Rxa6
Rxb2 67.Kf5 Kf7 68.Ra7+ 1-0

[Event "23rd EUR-ch"]
[Site "Vrnjacka Banja SRB"]
[Date "2023.03.09"]
[Round "7.27"]
[White "Gorshtein, Ido"]
[Black "Anton Guijarro, David"]
[Result "1/2-1/2"]
[WhiteElo "2498"]
[BlackElo "2685"]
[EventDate "2023.03.03"]
[PlyCount "92"]

1.d4 Nf6 2.c4 e6 3.Nf3 d5 4.g3 Bb4+ 5.Bd2 Be7 6.Bg2 O-O 7.O-O Nbd7 8.Qc2 
c6 9.Rd1 a5 10.b3 b6 11.Bf4 Ba6 12.Nbd2 Nh5 13.Be3 Rc8 14.Ne5 Nhf6 15.Ndf3
c5 16.Qb2 Bb7 17.Rac1 Qe8 18.dxc5 bxc5 19.cxd5 Bxd5 20.Nc4 a4 21.bxa4 Rb8 
22.Qc2 Rb4 23.Nfd2 Qa8 24.f3 Rxa4 25.a3 Bc6 26.Bf2 Ra7 27.Qa2 Ng4 28.Be1 
Bg5 29.Rc3 Bf6 30.Rb3 Bd4+ 31.Kh1 Bd5 32.e4 Bxc4 33.Nxc4 Nge5 34.Nd6 Rb8 
35.Nb5 c4 36.Rbb1 Rxb5 37.Rxb5 Rxa3 38.Qc2 Ra2 39.Qc1 Ra1 40.Rb1 Rxb1 41.
Qxb1 Nd3 42.e5 g6 43.Qc2 Qa6 44.f4 Ba7 45.Rb1 N7c5 46.h4 h5 1/2-1/2

[Event "23rd EUR-ch"]
[Site "Vrnjacka Banja SRB"]
[Date "2023.03.09"]
[Round "7.28"]
[White "Blohberger, Felix"]
[Black "Wojtaszek, Radoslaw"]
[Result "1/2-1/2"]
[WhiteElo "2493"]
[BlackElo "2682"]
[EventDate "2023.03.03"]
[PlyCount "73"]

1.d4 Nf6 2.c4 e6 3.Nc3 Bb4 4.e3 O-O 5.Bd3 d5 6.a3 dxc4 7.Bxc4 Bd6 8.Nf3 
Nc6 9.Qc2 e5 10.h3 a6 11.O-O Bd7 12.Rd1 Qc8 13.d5 Ne7 14.e4 Ng6 15.Bf1 Nh5
16.Ne2 f5 17.Ng3 Nxg3 18.fxg3 h6 19.Bd3 f4 20.g4 Qd8 21.Bd2 Nh4 22.Be1 
Nxf3+ 23.gxf3 h5 24.Rac1 Kf7 25.Qg2 hxg4 26.hxg4 Rh8 27.Kf1 Rh6 28.Bf2 Qh8
29.Ke2 Rh2 30.Qxh2 Qxh2 31.Rh1 Rh8 32.Rxh2 Rxh2 33.Kf1 Rh1+ 34.Bg1 Rh3 35.
Be2 Ke7 36.Kg2 Rh8 37.Bf2 1/2-1/2

[Event "23rd EUR-ch"]
[Site "Vrnjacka Banja SRB"]
[Date "2023.03.09"]
[Round "7.29"]
[White "Saric, Ivan"]
[Black "Gharibian, Mamikon"]
[Result "1/2-1/2"]
[WhiteElo "2674"]
[BlackElo "2491"]
[EventDate "2023.03.03"]
[PlyCount "69"]

1.e4 e5 2.Nf3 Nc6 3.Bb5 a6 4.Ba4 Nf6 5.O-O Be7 6.Re1 b5 7.Bb3 O-O 8.a4 Bb7
9.d3 d6 10.Nbd2 Nd7 11.c3 Nc5 12.axb5 axb5 13.Rxa8 Qxa8 14.Bc2 b4 15.Nf1 
bxc3 16.bxc3 Qa1 17.d4 Nd7 18.Ne3 Qxc3 19.Nd5 Qa5 20.Re3 Qa8 21.Ba4 Bd8 
22.Ra3 Qc8 23.Rc3 Qa8 24.Bb2 Nf6 25.dxe5 Nxe5 26.Nxe5 dxe5 27.Bc2 Re8 28.
Ra3 Qc8 29.Rf3 Bxd5 30.exd5 Be7 31.Rf5 Bc5 32.h3 Bd4 33.Bxd4 exd4 34.Qxd4 
Qd8 35.g3 1/2-1/2

[Event "23rd EUR-ch"]
[Site "Vrnjacka Banja SRB"]
[Date "2023.03.09"]
[Round "7.30"]
[White "Samunenkov, Ihor"]
[Black "Naer, Evgeny"]
[Result "1/2-1/2"]
[WhiteElo "2488"]
[BlackElo "2666"]
[EventDate "2023.03.03"]
[PlyCount "48"]

1.d4 Nf6 2.Nf3 d5 3.g3 c5 4.Bg2 cxd4 5.O-O h6 6.b3 e6 7.Bb2 Bc5 8.Bxd4 
Bxd4 9.Qxd4 Nc6 10.Qb2 O-O 11.c4 dxc4 12.bxc4 Qb6 13.Qxb6 axb6 14.Nc3 Rd8 
15.Rfb1 Ra6 16.Rb2 Kf8 17.Rab1 Nd7 18.h3 Ra3 19.Rb3 Ra5 20.Rb5 Ke7 21.e3 
Nc5 22.Rxb6 Ra3 23.R6b5 Rxc3 24.Rxc5 Kd6 1/2-1/2

[Event "23rd EUR-ch"]
[Site "Vrnjacka Banja SRB"]
[Date "2023.03.09"]
[Round "7.31"]
[White "Parkhov, Yair"]
[Black "Rakhmanov, Alexander"]
[Result "1-0"]
[WhiteElo "2485"]
[BlackElo "2635"]
[EventDate "2023.03.03"]
[PlyCount "65"]

1.d4 d5 2.c4 e6 3.Nc3 Nf6 4.cxd5 exd5 5.Bg5 c6 6.e3 h6 7.Bh4 Be7 8.Bd3 O-O
9.Nge2 Ne8 10.Bg3 Nd6 11.O-O Re8 12.Rc1 a5 13.Bf4 Bf8 14.Ng3 Na6 15.b3 Nc7
16.Be5 Ncb5 17.Nxb5 Nxb5 18.Bxb5 cxb5 19.Qf3 Be6 20.Nh5 a4 21.Rc7 axb3 22.
axb3 Re7 23.Nf6+ Kh8 24.Rc5 b6 25.Rc6 Rea7 26.g4 Rc8 27.Rfc1 Rxc6 28.Rxc6 
Be7 29.Nh5 Bf8 30.Kg2 Kg8 31.h3 Rb7 32.Qf4 Qd7 33.Nf6+ 1-0

[Event "23rd EUR-ch"]
[Site "Vrnjacka Banja SRB"]
[Date "2023.03.09"]
[Round "7.32"]
[White "Velten, Paul"]
[Black "Chigaev, Maxim"]
[Result "1-0"]
[WhiteElo "2478"]
[BlackElo "2632"]
[EventDate "2023.03.03"]
[PlyCount "115"]

1.d4 Nf6 2.c4 g6 3.Nc3 Bg7 4.e4 d6 5.h3 e5 6.Nge2 exd4 7.Nxd4 O-O 8.Bd3 
Re8 9.O-O Nbd7 10.Be3 c6 11.Qc2 Nc5 12.Rad1 a5 13.Rfe1 a4 14.f3 Nxd3 15.
Rxd3 Nd7 16.Rd2 Ne5 17.Nxa4 Bxh3 18.Rf1 Bd7 19.b3 d5 20.Nc5 dxe4 21.Nxe4 
Qe7 22.Bg5 f6 23.Bh4 g5 24.Bf2 g4 25.Ng3 gxf3 26.Ndf5 Bxf5 27.Nxf5 Qf7 28.
Bd4 Kh8 29.Nd6 Qh5 30.Nxe8 Rxe8 31.Bxe5 fxe5 32.gxf3 e4 33.Rh2 Qf7 34.Kh1 
Be5 35.Rh4 e3 36.f4 Bf6 37.Rh2 Qd7 38.Rd1 Qg7 39.Qf5 e2 40.Re1 Bd4 41.Qg5 
Qd7 42.Qh5 c5 43.Rexe2 Qc6+ 44.Qd5 Qg6 45.Rxe8+ Qxe8 46.Kg2 Qg6+ 47.Kf3 
Qd3+ 48.Kg4 Qg6+ 49.Qg5 Qd3 50.Qd8+ Kg7 51.Qd7+ Kh8 52.Qc8+ Kg7 53.Qxb7+ 
Kh8 54.Qc8+ Kg7 55.Qd7+ Kh8 56.Qe8+ Kg7 57.Qe7+ Kg8 58.Rg2 1-0

[Event "23rd EUR-ch"]
[Site "Vrnjacka Banja SRB"]
[Date "2023.03.09"]
[Round "7.33"]
[White "Ter-Sahakyan, Samvel"]
[Black "Ahmadzada, Ahmad"]
[Result "0-1"]
[WhiteElo "2616"]
[BlackElo "2487"]
[EventDate "2023.03.03"]
[PlyCount "72"]

1.d4 Nf6 2.c4 e6 3.Nc3 Bb4 4.e3 O-O 5.Bd3 d5 6.cxd5 exd5 7.Ne2 Re8 8.Bd2 
Bd6 9.Rc1 c6 10.O-O Nbd7 11.f3 c5 12.Qe1 a6 13.a4 Nf8 14.Qf2 Rb8 15.Bb1 
Ne6 16.Kh1 b5 17.axb5 axb5 18.dxc5 Bxc5 19.Nd4 Qb6 20.Nb3 Ba6 21.Rfe1 Bd6 
22.Nd4 Rbc8 23.Qh4 Nf8 24.Ba2 Ng6 25.Qf2 Ne5 26.Bb1 Nc4 27.b3 Nxd2 28.Qxd2
Qa5 29.Bf5 Rc7 30.Ra1 Qxc3 31.Qxc3 Rxc3 32.Rxa6 Bc5 33.Nxb5 Rxb3 34.Nc7 
Rbxe3 35.Rxe3 Rxe3 36.h4 Kf8 0-1

[Event "23rd EUR-ch"]
[Site "Vrnjacka Banja SRB"]
[Date "2023.03.09"]
[Round "7.34"]
[White "Sokolovsky, Yahli"]
[Black "Warmerdam, Max"]
[Result "0-1"]
[WhiteElo "2476"]
[BlackElo "2614"]
[EventDate "2023.03.03"]
[PlyCount "86"]

1.e4 e5 2.Nf3 Nc6 3.Bb5 a6 4.Ba4 Nf6 5.O-O Be7 6.d3 b5 7.Bb3 d6 8.c3 O-O 
9.Nbd2 Na5 10.Bc2 c5 11.Re1 Nc6 12.a4 Be6 13.Nf1 h6 14.Ng3 Re8 15.Be3 d5 
16.d4 exd4 17.cxd4 dxe4 18.Nxe4 c4 19.Ne5 Rc8 20.axb5 axb5 21.Nxc6 Rxc6 
22.Nc3 Bg4 23.f3 Bd7 24.d5 Rc8 25.d6 Bf8 26.Qd4 b4 27.Ne4 Re6 28.Ra6 Bb5 
29.Nxf6+ Rxf6 30.Qe4 g6 31.Rb6 Re6 32.Qb7 Be8 33.Be4 Bxd6 34.Rd1 Rc7 35.
Qa6 Rd7 36.Rd5 Bf4 37.Rxe6 Bxe3+ 38.Kf1 fxe6 39.Qxe6+ Kg7 40.Qe5+ Kh7 41.
Qe6 Re7 42.Qf6 Qc7 43.Rd6 Rg7 0-1

[Event "23rd EUR-ch"]
[Site "Vrnjacka Banja SRB"]
[Date "2023.03.09"]
[Round "7.35"]
[White "Bartel, Mateusz"]
[Black "Kraus, Tomas"]
[Result "1-0"]
[WhiteElo "2609"]
[BlackElo "2486"]
[EventDate "2023.03.03"]
[PlyCount "49"]

1.e4 c5 2.Nf3 d6 3.d4 cxd4 4.Nxd4 Nf6 5.Nc3 Nc6 6.Bg5 Bd7 7.Qd2 a6 8.Bxf6 
gxf6 9.Nf5 Qa5 10.O-O-O O-O-O 11.Bc4 Be8 12.f4 e6 13.Nd4 Qb4 14.Qe2 Nxd4 
15.Rxd4 Qa5 16.Rhd1 Kb8 17.f5 Qe5 18.Bxa6 bxa6 19.Qxa6 Qc5 20.Na4 Bxa4 21.
Rxa4 Rc8 22.c3 d5 23.exd5 exd5 24.Ra5 Rc6 25.Rb5+ 1-0

[Event "23rd EUR-ch"]
[Site "Vrnjacka Banja SRB"]
[Date "2023.03.09"]
[Round "7.36"]
[White "Firat, Burak"]
[Black "Bjerre, Jonas Buhl"]
[Result "0-1"]
[WhiteElo "2471"]
[BlackElo "2608"]
[EventDate "2023.03.03"]
[PlyCount "70"]

1.e4 c5 2.Nf3 d6 3.d4 cxd4 4.Nxd4 Nf6 5.Nc3 a6 6.Be3 e5 7.Nb3 Be7 8.f3 Be6
9.Qd2 h5 10.Nd5 Bxd5 11.exd5 Nbd7 12.O-O-O Qc7 13.c4 a5 14.Kb1 O-O 15.Be2 
a4 16.Na1 Rfc8 17.Rc1 Bd8 18.Nc2 a3 19.b3 Qb8 20.h3 h4 21.Rhd1 Nh5 22.Qb4 
Nc5 23.Qb5 Bf6 24.b4 Ng3 25.Bd3 Nxd3 26.Rxd3 Ne2 27.Rf1 e4 28.fxe4 Nc3+ 
29.Rxc3 Bxc3 30.Bc1 Qc7 31.Nxa3 Qe7 32.Nc2 Qxe4 33.Qxb7 Bf6 34.Rf4 Qd3 35.
Qd7 Rxc4 0-1

[Event "23rd EUR-ch"]
[Site "Vrnjacka Banja SRB"]
[Date "2023.03.09"]
[Round "7.37"]
[White "Can, Emre"]
[Black "Zanan, Evgeny"]
[Result "1-0"]
[WhiteElo "2600"]
[BlackElo "2485"]
[EventDate "2023.03.03"]
[PlyCount "123"]

1.Nf3 Nf6 2.c4 g6 3.Nc3 Bg7 4.e4 d6 5.d4 O-O 6.Be2 Na6 7.O-O e5 8.Re1 exd4
9.Nxd4 Nc5 10.Bf1 Re8 11.f3 c6 12.Be3 Ne6 13.Nc2 Qc7 14.Qd2 b6 15.Rad1 Rd8
16.Bh6 Bh8 17.Ne3 Bb7 18.Qf2 Re8 19.Rd2 Rad8 20.Red1 a6 21.a4 c5 22.g4 Nd4
23.Bg5 Re5 24.Bxf6 Bxf6 25.f4 Re6 26.Ned5 Bxd5 27.Nxd5 Qa7 28.Nxf6+ Rxf6 
29.f5 gxf5 30.exf5 d5 31.cxd5 Qe7 32.Bg2 Re8 33.b4 a5 34.bxc5 bxc5 35.Kh1 
Rb6 36.Rd3 Qe5 37.Qd2 Rb4 38.Rf1 Kh8 39.Rh3 Rg8 40.f6 Rg6 41.Re3 Qb8 42.
Rfe1 Rg8 43.Rh3 Rxg4 44.Be4 Rxe4 45.Rxe4 Rb1+ 46.Re1 Qe5 47.Re3 Rxe1+ 48.
Rxe1 Qxf6 49.Re8+ Kg7 50.Qg2+ Kh6 51.Qh3+ Kg7 52.Qg3+ Kh6 53.Qh3+ Kg7 54.
Re1 Qd6 55.Qg3+ Qxg3 56.hxg3 Nf5 57.Kg2 Kf6 58.Kf3 Nd6 59.Kf4 c4 60.g4 h6 
61.Rh1 c3 62.Rc1 1-0

[Event "23rd EUR-ch"]
[Site "Vrnjacka Banja SRB"]
[Date "2023.03.09"]
[Round "7.38"]
[White "Stefansson, Vignir Vatnar"]
[Black "Hovhannisian, Robert"]
[Result "0-1"]
[WhiteElo "2461"]
[BlackElo "2597"]
[EventDate "2023.03.03"]
[PlyCount "76"]

1.d4 d5 2.c4 e6 3.Nf3 Nf6 4.g3 Bb4+ 5.Bd2 a5 6.Bg2 dxc4 7.a3 Be7 8.Qa4+ 
Nbd7 9.Ne5 O-O 10.Nxd7 Nxd7 11.Qxc4 e5 12.dxe5 Nxe5 13.Qc2 Nc6 14.Bc3 Nd4 
15.Qd1 Nb5 16.O-O Nxc3 17.Nxc3 c6 18.Qb3 Ra6 19.Na4 b5 20.Nc3 Qb6 21.Rac1 
b4 22.axb4 axb4 23.Nb1 Be6 24.Qc2 c5 25.b3 c4 26.bxc4 b3 27.Qd3 b2 28.Rcd1
Ra5 29.Bd5 Bh3 30.Rfe1 Bb4 31.Nd2 Ra3 32.Qc2 Qf6 33.Rb1 Ra1 34.Ne4 Qe5 35.
Red1 g6 36.c5 Bf5 37.Qc4 Rd8 38.f4 Rxd5 0-1

[Event "23rd EUR-ch"]
[Site "Vrnjacka Banja SRB"]
[Date "2023.03.09"]
[Round "7.39"]
[White "Paravyan, David"]
[Black "Babazada, Khazar"]
[Result "1-0"]
[WhiteElo "2584"]
[BlackElo "2481"]
[EventDate "2023.03.03"]
[PlyCount "75"]

1.e4 e5 2.Nf3 Nc6 3.Bb5 a6 4.Ba4 d6 5.O-O Bd7 6.c3 g5 7.d4 g4 8.Ne1 h5 9.
f4 exd4 10.cxd4 d5 11.exd5 Nce7 12.f5 Nf6 13.Nc3 Bxa4 14.Qxa4+ Qd7 15.
Qxd7+ Kxd7 16.Nd3 Bg7 17.Ne5+ Ke8 18.Bg5 Nexd5 19.Rae1 Kf8 20.Nxd5 Nxd5 
21.f6 Bh6 22.Nd7+ Kg8 23.Re5 c6 24.Bxh6 Rxh6 25.Rg5+ Kh8 26.Rff5 Re8 27.
Ne5 Rxf6 28.Rxh5+ Kg7 29.Rfg5+ Rg6 30.Nxg6 fxg6 31.Re5 Rf8 32.Rh4 Rf4 33.
h3 Nf6 34.Re7+ Kg8 35.Rh6 gxh3 36.Rxg6+ Kf8 37.Rxb7 hxg2 38.Kxg2 1-0

[Event "23rd EUR-ch"]
[Site "Vrnjacka Banja SRB"]
[Date "2023.03.09"]
[Round "7.40"]
[White "Saraci, Nderim"]
[Black "Lagarde, Maxime"]
[Result "0-1"]
[WhiteElo "2469"]
[BlackElo "2581"]
[EventDate "2023.03.03"]
[PlyCount "78"]

1.d4 d5 2.c4 e6 3.Nc3 Nf6 4.cxd5 exd5 5.Bg5 Be7 6.e3 h6 7.Bh4 O-O 8.Bd3 c6
9.Qc2 Ne8 10.Bg3 Nd6 11.Nf3 Nd7 12.O-O Nf6 13.h3 Be6 14.Rfe1 a5 15.Nd2 Re8
16.a3 Bf8 17.Na4 Nde4 18.Nxe4 Nxe4 19.Bh2 Bd6 20.Bxd6 Nxd6 21.b4 Qg5 22.
Kh2 Bf5 23.Nc5 Bxd3 24.Nxd3 Qf5 25.bxa5 Rxa5 26.a4 Rea8 27.Reb1 R8a7 28.
Kg1 Nc4 29.Qc3 Kh7 30.Rb4 b5 31.Nc5 Nd6 32.Qc1 g6 33.Rbb1 bxa4 34.Rb6 Qc8 
35.Rb4 a3 36.Nb3 Rb5 37.Rxa3 Rxb4 38.Rxa7 Rxb3 39.Qc5 Rb7 0-1

[Event "23rd EUR-ch"]
[Site "Vrnjacka Banja SRB"]
[Date "2023.03.09"]
[Round "7.41"]
[White "Lupulescu, Constantin"]
[Black "Kosakowski, Jakub"]
[Result "1-0"]
[WhiteElo "2580"]
[BlackElo "2476"]
[EventDate "2023.03.03"]
[PlyCount "119"]

1.d4 Nf6 2.c4 e6 3.Nc3 Bb4 4.e3 O-O 5.Bd3 d5 6.a3 Bxc3+ 7.bxc3 dxc4 8.Bxc4
c5 9.Nf3 Qc7 10.Be2 b6 11.O-O Bb7 12.Bb2 Nbd7 13.Nd2 e5 14.Re1 Rfe8 15.Bf1
Rad8 16.h3 Nf8 17.Rc1 Ne6 18.Nf3 Bxf3 19.Qxf3 c4 20.Qf5 Qc6 21.Qxe5 Nxd4 
22.cxd4 Rxe5 23.dxe5 Ne4 24.Rc2 c3 25.Rxc3 Nc5 26.Rc4 Qd7 27.Rec1 Qe7 28.
Rd4 Ne6 29.Rcd1 Rc8 30.Rd7 Qh4 31.Rxa7 g6 32.Rd2 Qe4 33.Bd3 Qd5 34.Rxf7 
Rc2 35.Rxc2 Qxd3 36.Rfc7 Nxc7 37.Rxc7 Qb1+ 38.Bc1 Qe4 39.Bb2 Qb1+ 40.Bc1 
Qe4 41.f4 h5 42.Kh2 h4 43.Rd7 g5 44.Rd6 gxf4 45.exf4 Qe1 46.Bd2 Qg3+ 47.
Kh1 Qxa3 48.Rxb6 Kf7 49.Rd6 Qb3 50.Ba5 Qb5 51.Rf6+ Kg7 52.Bb6 Qf1+ 53.Kh2 
Qe1 54.Rf5 Qg3+ 55.Kh1 Kh6 56.Bg1 Qd3 57.Rg5 Qe2 58.Kh2 Qe4 59.Rg4 Qe1 60.
Bc5 1-0

[Event "23rd EUR-ch"]
[Site "Vrnjacka Banja SRB"]
[Date "2023.03.09"]
[Round "7.42"]
[White "Livaic, Leon"]
[Black "Clarke, Brandon"]
[Result "1/2-1/2"]
[WhiteElo "2569"]
[BlackElo "2475"]
[EventDate "2023.03.03"]
[PlyCount "30"]

1.d4 Nf6 2.c4 g6 3.Nc3 d5 4.Nf3 Bg7 5.cxd5 Nxd5 6.Qa4+ Nc6 7.e4 Nb6 8.Qc2 
Bxd4 9.Bb5 Bg7 10.Bxc6+ bxc6 11.O-O Bg4 12.Nd2 Be6 13.Nb3 Bxb3 14.axb3 O-O
15.Bf4 Qc8 1/2-1/2

[Event "23rd EUR-ch"]
[Site "Vrnjacka Banja SRB"]
[Date "2023.03.09"]
[Round "7.43"]
[White "Royal, Shreyas"]
[Black "Nesterov, Arseny"]
[Result "1/2-1/2"]
[WhiteElo "2452"]
[BlackElo "2568"]
[EventDate "2023.03.03"]
[PlyCount "126"]

1.d4 d5 2.c4 c6 3.Nf3 Nf6 4.Nc3 e6 5.e3 Nbd7 6.Qc2 Bd6 7.Bd3 O-O 8.O-O e5 
9.cxd5 cxd5 10.e4 exd4 11.Nxd5 Nxd5 12.exd5 h6 13.Nxd4 Nf6 14.Nf5 Nxd5 15.
Nxd6 Qxd6 16.Rd1 Be6 17.Qe2 Rad8 18.Be3 Nf4 19.Bxf4 Qxf4 20.Qe4 Qxe4 21.
Bxe4 b6 22.b4 Rxd1+ 23.Rxd1 Bxa2 24.Rd7 a6 25.Rb7 b5 26.Ra7 Rd8 27.g3 Bd5 
28.Bxd5 Rxd5 29.Rxa6 Rd4 30.Rb6 Rxb4 31.h4 h5 32.Kg2 Kh7 33.Kf3 f6 34.Rb7 
Kh6 35.Rb6 Rb2 36.Ke3 b4 37.Kf3 Kg6 38.Rb5 b3 39.Ke3 f5 40.Rb6+ Kf7 41.f3 
Rb1 42.Kf4 g6 43.Kg5 b2 44.Kf4 Ke7 45.Rb8 Ke6 46.Rb6+ Kd5 47.Rb8 Kd4 48.
Rd8+ Kc3 49.Rc8+ Kd3 50.Rb8 Ke2 51.Rb3 Kf2 52.Rb6 Kg2 53.Rb7 Kh3 54.Rb6 
Rg1 55.Rxb2 Rxg3 56.Rb1 Kxh4 57.Rh1+ Rh3 58.Rf1 g5+ 59.Kxf5 Rh2 60.Rg1 Ra2
61.Rh1+ Kg3 62.Rxh5 Ra5+ 63.Ke4 Ra4+ 1/2-1/2

[Event "23rd EUR-ch"]
[Site "Vrnjacka Banja SRB"]
[Date "2023.03.09"]
[Round "7.44"]
[White "Stankovic, Milos"]
[Black "Teclaf, Pawel"]
[Result "1/2-1/2"]
[WhiteElo "2447"]
[BlackElo "2568"]
[EventDate "2023.03.03"]
[PlyCount "98"]

1.e4 d5 2.exd5 Qxd5 3.Nc3 Qa5 4.Bc4 Nf6 5.d4 Bg4 6.Nf3 Qf5 7.Be3 Bxf3 8.
Qxf3 Qxf3 9.gxf3 e6 10.d5 exd5 11.Nxd5 Nxd5 12.Bxd5 Nc6 13.O-O-O Bd6 14.
Rhg1 g6 15.h4 f6 16.Bh6 O-O-O 17.Bg7 Rhe8 18.Bxf6 Bf4+ 19.Kb1 Rd6 20.Bf7 
Rf8 21.Rxd6 Bxd6 22.Be6+ Kb8 23.Bc3 Rxf3 24.Bg8 Rxf2 25.Bxh7 Ne7 26.a3 Rh2
27.Bf6 Rf2 28.Bxe7 Bxe7 29.Rxg6 c6 30.h5 Kc7 31.h6 Rf6 32.Rg7 Kd6 33.Bg6 
Bf8 34.Bd3 b5 35.Rxa7 Rxh6 36.b4 Be7 37.Ka2 Bf6 38.Be4 Bd4 39.Ra6 Kc7 40.
a4 bxa4 41.b5 Re6 42.Bd5 Rf6 43.Rxa4 cxd5 44.Rxd4 Kd6 45.c4 Kc5 46.Rxd5+ 
Kxc4 47.Rh5 Rb6 48.Ka3 Rxb5 49.Rxb5 Kxb5 1/2-1/2

[Event "23rd EUR-ch"]
[Site "Vrnjacka Banja SRB"]
[Date "2023.03.09"]
[Round "7.45"]
[White "Dragnev, Valentin"]
[Black "Ioannidis, Evgenios"]
[Result "1-0"]
[WhiteElo "2561"]
[BlackElo "2473"]
[EventDate "2023.03.03"]
[PlyCount "115"]

1.e4 c5 2.Nf3 d6 3.Nc3 Nf6 4.d4 cxd4 5.Nxd4 a6 6.g3 e5 7.Nb3 Be7 8.Bg2 Be6
9.O-O O-O 10.Re1 Nbd7 11.a4 h6 12.Nd2 Qb8 13.Nf1 Rc8 14.Ne3 Nb6 15.Qf3 Bd8
16.Nf5 d5 17.exd5 Nbxd5 18.Bd2 Rc5 19.Ne3 Qc7 20.Ncxd5 Nxd5 21.c3 Bg5 22.
Nf1 Rd8 23.Bxg5 hxg5 24.Qh5 f6 25.Be4 Ne7 26.Rad1 Bd5 27.Qh7+ Kf7 28.Qh5+ 
Kf8 29.Bc2 Rc6 30.Ne3 Bg8 31.Rxd8+ Qxd8 32.Be4 Rd6 33.Bxb7 Qd7 34.Qf3 Qxa4
35.Be4 Bb3 36.Rc1 Rd2 37.c4 Rd4 38.Bh7 Kf7 39.Qh5+ Ke6 40.c5 Qc6 41.Bg6 
Nxg6 42.Qxg6 Ba4 43.b3 Bb5 44.Nf5 Rd2 45.Nxg7+ Ke7 46.Nf5+ Ke6 47.Nh6 Qe8 
48.Qf5+ Ke7 49.Qh7+ Ke6 50.Qf5+ Ke7 51.Ng4 Qc6 52.Nxe5 Qd5 53.Re1 Be2 54.
Ng6+ Kf7 55.Qxd5+ Rxd5 56.Rxe2 Kxg6 57.Rc2 Kf7 58.c6 1-0

[Event "23rd EUR-ch"]
[Site "Vrnjacka Banja SRB"]
[Date "2023.03.09"]
[Round "7.46"]
[White "Gurel, Ediz"]
[Black "Makarian, Rudik"]
[Result "1-0"]
[WhiteElo "2454"]
[BlackElo "2557"]
[EventDate "2023.03.03"]
[PlyCount "55"]

1.e4 c5 2.Nc3 Nc6 3.Bb5 e6 4.Bxc6 bxc6 5.d3 Qc7 6.Nf3 e5 7.O-O Ne7 8.Nh4 
Ng6 9.Nf5 d6 10.Qf3 Ne7 11.Nh4 g6 12.Qg3 f6 13.f4 Be6 14.fxe5 fxe5 15.Bg5 
Rg8 16.a3 a5 17.Rf6 Qc8 18.Na4 Rb8 19.Nxc5 dxc5 20.Qxe5 h6 21.Rxf8+ Rxf8 
22.Bxe7 Kxe7 23.Nxg6+ Kf7 24.Nxf8 Kxf8 25.Rf1+ Ke7 26.Rf6 Rb7 27.Rg6 Kf8 
28.Rxe6 1-0

[Event "23rd EUR-ch"]
[Site "Vrnjacka Banja SRB"]
[Date "2023.03.09"]
[Round "7.47"]
[White "Parligras, Mircea-Emilian"]
[Black "Bronstein, Or"]
[Result "1-0"]
[WhiteElo "2554"]
[BlackElo "2465"]
[EventDate "2023.03.03"]
[PlyCount "107"]

1.d4 Nf6 2.c4 e6 3.Nf3 d5 4.Nc3 Bb4 5.e3 O-O 6.Bd3 dxc4 7.Bxc4 c5 8.a3 
Bxc3+ 9.bxc3 Qc7 10.Be2 b6 11.Bb2 cxd4 12.cxd4 Ba6 13.O-O Bxe2 14.Qxe2 Qb7
15.a4 Nbd7 16.Rfc1 Rfc8 17.Nd2 Rxc1+ 18.Rxc1 Rc8 19.Rxc8+ Qxc8 20.Qc4 Qb7 
21.Ba3 h6 22.f3 a6 23.e4 b5 24.axb5 axb5 25.Qc3 Qa7 26.Kf1 h5 27.g3 Qb8 
28.Kg2 Qa8 29.Bb4 Qa4 30.Qb3 Qxb3 31.Nxb3 g5 32.Na5 g4 33.Nc6 Nh7 34.h4 
Nb6 35.Na7 f5 36.Nxb5 fxe4 37.fxe4 Nf6 38.Nd6 Kg7 39.Kf2 Kg6 40.Ke2 Nbd7 
41.Kd3 Nb8 42.Kc4 Nc6 43.Bd2 Nd7 44.Bg5 e5 45.d5 Nd4 46.Be3 Nf3 47.Kb5 Nf6
48.Kc6 Nh2 49.Bg5 Nh7 50.Be7 Nf3 51.Nf5 Kf7 52.d6 Nd4+ 53.Nxd4 exd4 54.d7 
1-0

[Event "23rd EUR-ch"]
[Site "Vrnjacka Banja SRB"]
[Date "2023.03.09"]
[Round "7.48"]
[White "Suleymanli, Aydin"]
[Black "Nevednichy, Vladislav"]
[Result "1/2-1/2"]
[WhiteElo "2552"]
[BlackElo "2457"]
[EventDate "2023.03.03"]
[PlyCount "113"]

1.d4 Nf6 2.c4 e6 3.Nf3 d5 4.Nc3 Be7 5.Bf4 O-O 6.e3 Nbd7 7.a3 c5 8.cxd5 
Nxd5 9.Nxd5 exd5 10.dxc5 Nxc5 11.Be5 Bf6 12.Bxf6 Qxf6 13.Qd4 Qxd4 14.Nxd4 
Bd7 15.f3 Rfc8 16.Kd2 Kf8 17.g4 Ne6 18.Nxe6+ fxe6 19.Bd3 h6 20.g5 Ke7 21.
Rag1 h5 22.g6 Rf8 23.f4 e5 24.Rg5 exf4 25.exf4 Rxf4 26.Re1+ Kd6 27.Rxh5 
Bg4 28.Rh4 Rc8 29.Re2 Rcf8 30.Rg2 Be6 31.Rh7 Rf2+ 32.Rxf2 Rxf2+ 33.Kc1 Ke5
34.Rxg7 Kd4 35.Bb5 Rxh2 36.Rxb7 Rg2 37.g7 a5 38.Re7 Bf5 39.Be2 Kc5 40.Bf3 
Rg1+ 41.Kd2 Kd6 42.Ra7 Be6 43.Ke3 Ke5 44.a4 Rg3 45.Kf2 Rg5 46.Ke3 Rg3 47.
Rb7 Rg1 48.Kf2 Rg6 49.b4 axb4 50.a5 Bc8 51.a6 b3 52.Re7+ Kf6 53.a7 b2 54.
a8=Q b1=Q 55.Qxc8 Qg1+ 56.Ke2 Kxe7 57.Qf8+ 1/2-1/2

[Event "23rd EUR-ch"]
[Site "Vrnjacka Banja SRB"]
[Date "2023.03.09"]
[Round "7.49"]
[White "Stoyanov, Tsvetan"]
[Black "Stremavicius, Titas"]
[Result "1-0"]
[WhiteElo "2446"]
[BlackElo "2544"]
[EventDate "2023.03.03"]
[PlyCount "117"]

1.e4 c5 2.Nf3 Nc6 3.d4 cxd4 4.Nxd4 Nf6 5.Nc3 d6 6.Bc4 e6 7.Be3 a6 8.Bb3 
Na5 9.f4 e5 10.Nf3 Nxb3 11.axb3 exf4 12.Bxf4 Be6 13.O-O Be7 14.Qd4 Rc8 15.
Kh1 O-O 16.Rad1 Rc6 17.Qa7 Qc8 18.Nd4 Rxc3 19.bxc3 Nxe4 20.Nxe6 fxe6 21.c4
d5 22.Be3 Bf6 23.cxd5 Nc3 24.Rde1 exd5 25.Qb6 Nb5 26.Bc5 Rf7 27.c4 dxc4 
28.bxc4 Nc7 29.Bd4 Ne8 30.Qe6 Qxe6 31.Rxe6 Nc7 32.Rd6 Ne8 33.Re6 Nc7 34.
Re4 Bg5 35.Rb1 b5 36.Bb6 bxc4 37.Rxc4 Nd5 38.Rc8+ Rf8 39.Rxf8+ Kxf8 40.
Bc5+ Kf7 41.Rb7+ Kg6 42.Bd4 Ne7 43.Ra7 Nf5 44.Rxa6+ Kf7 45.Ra7+ Kg6 46.Bc3
h5 47.g3 Be3 48.Rd7 Bc5 49.Kg2 Be3 50.Kf3 Bg1 51.h3 Bc5 52.Be5 Bb4 53.Rb7 
Bc5 54.Rc7 Bb4 55.Ra7 Bc5 56.Ra6+ Kh7 57.Kf4 Nh6 58.Rc6 Bf8 59.Rc8 1-0